OG MEMES QUIZ - Statistics

General Stats
  • This quiz has been taken 873 times
  • The average score is 12 of 17
Answer Stats
Hint Answer % Correct
PEWDI___ Pie
92%
Five Nights At Freddys
90%
What 9 + 10 21
88%
A Cute Dog That Has It's Own Coin Doge
83%
Something You Call Someone When They Make A T With Their Body T Pose
82%
The Duck Walked Up To The ____ ____ Lemonade Stand
73%
The Duck Said Do You Have Any ______? Grapes
72%
Rip This Gorilla Harambe
70%
A Instrument That A Cat Played Piano
70%
_____ Jug With You Chug
68%
It's _______ My Dudes Wednesday
65%
We Can Be Pro ______ Gamers Fortnite
64%
This Animal Has A Rainbow Following It Cat
60%
A Very Strong Man Given This Nickname, It Is Also The Name Of A Country Chad
59%
Finish The Line: Big ____ Chungus
51%
Top Of The Morning G Ladis My Name Is Jacksepticeye
40%
Fishy On Me I'll Slap My _____ Knee
37%
No matching quizzes found
Score Distribution
Percent of People with Each Score
Percentile by Number Answered
Your Score History
You have not taken this quiz